Loading...
| Literature - World Literature | 0 | 5 | 0 | 1 | 50 | 141 | 153.00 | 0 | 0 |
| History - World History | 2 | 2 | 1 | 0 | 45 | 50 | 84.75 | 0 | 3 |
| Other Science (Computer Science) | 0 | 3 | 0 | 1 | 30 | 83 | 99.67 | 0 | 0 |
| Literature - European Literature | 1 | 1 | 0 | 0 | 25 | 48 | 104.00 | 1 | 1 |
| Modern World | 1 | 1 | 0 | 0 | 25 | 67 | 87.00 | 0 | 1 |
| History - Other History | 0 | 2 | 0 | 0 | 20 | 79 | 94.00 | 0 | 2 |
| Other Academic | 0 | 2 | 0 | 0 | 20 | 96 | 111.00 | 0 | 0 |
| Geography | 1 | 0 | 0 | 0 | 15 | 82 | 82.00 | 0 | 0 |
| Literature - American Literature | 0 | 2 | 1 | 1 | 15 | 145 | 157.50 | 0 | 0 |
| History - American History | 1 | 0 | 0 | 0 | 15 | 75 | 75.00 | 1 | 1 |
| Social Science | 0 | 1 | 0 | 1 | 10 | 143 | 143.00 | 0 | 0 |
| Fine Arts - Other Arts | 0 | 1 | 0 | 1 | 10 | 155 | 155.00 | 0 | 0 |
| Fine Arts - Painting and Sculpture | 0 | 1 | 0 | 0 | 10 | 144 | 144.00 | 0 | 0 |
| History - European History | 0 | 1 | 0 | 0 | 10 | 159 | 159.00 | 0 | 0 |
| Literature - British Literature | 0 | 1 | 0 | 0 | 10 | 114 | 114.00 | 0 | 1 |
| Mythology | 0 | 1 | 0 | 1 | 10 | 158 | 158.00 | 0 | 0 |
| Other Culture | 0 | 1 | 0 | 0 | 10 | 117 | 117.00 | 0 | 0 |
| Science - Biology | 0 | 1 | 0 | 1 | 10 | 143 | 143.00 | 0 | 0 |
| Science - Chemistry | 0 | 1 | 0 | 0 | 10 | 145 | 145.00 | 0 | 0 |
| Fine Arts - Classical Music and Opera | 0 | 1 | 0 | 0 | 10 | 133 | 133.00 | 0 | 0 |
| Philosophy | 0 | 0 | 0 | 0 | 0 | 0.00 | 0 | 0 | |
| Science - Physics | 0 | 0 | 1 | 0 | -5 | 0.00 | 0 | 0 | |
| Other Science (Math) | 0 | 0 | 3 | 0 | -15 | 0.00 | 0 | 0 |